[Event "Open CapaBlanca"]
[Site "SchemingMind.com"]
[Date "2011.06.07"]
[Round "-"]
[White "SittingBull"]
[Black "rao"]
[Result "1-0"]
[WhiteCountry "CAN"]
[BlackCountry "INT"]
[WhiteElo "1916"]
[WhiteRD "63"]
[BlackElo "1650"]
[BlackRD "83"]
[GameID "286010"]

1. e4 e5 2. Nf3 Nc6 3. Bb5 d6 4. d4 Bd7 5. Nc3 a6 6. Bxc6 Bxc6 7. dxe5 dxe5 8. Qxd8+ Rxd8 9. Nxe5 Bb4 10. Nxc6 bxc6
11. Bd2 Nf6 12. f3 O-O 13. O-O-O a5 14. a3 Bd6 15. h3 Rb8 16. f4 Nh5 17. e5 Be7 18. g4 Ng3 19. Rhg1 Bh4 20. Be1 Rb6
21. Bxg3 Be7 22. Rd7 Bc5 23. Rgd1 Rb7 24. Rd8 Be3+ 25. Kb1 Bc5 26. Rxf8+ Kxf8 27. Bh4 g6 28. Rd8+ Kg7 29. Ka2 Be3 30. Bf6+ Kh6
31. Ne2 Rb5 32. Rh8 Bxf4 33. Nxf4 g5 34. Rg8 Rxe5 35. Bxe5 gxf4 36. Bxf4#
1-0

[Event "Open CapaBlanca"]
[Site "SchemingMind.com"]
[Date "2011.06.07"]
[Round "-"]
[White "otsenrechess"]
[Black "rao"]
[Result "1-0"]
[WhiteCountry "HUN"]
[BlackCountry "INT"]
[WhiteElo "2318"]
[WhiteRD "63"]
[BlackElo "1660"]
[BlackRD "83"]
[GameID "286011"]

1. c4 e5 2. Nc3 Nf6 3. Nf3 d6 4. g3 Bg4 5. Bg2 c6 6. h3 Be6 7. d4 e4 8. Ng5 d5 9. Nxe6 fxe6 10. O-O Na6
11. c5 Be7 12. b4 Nc7 13. a4 Nh5 14. g4 Nf6 15. f3 exf3 16. Rxf3 h6 17. Qd3 Rg8 18. Bf4 g5 19. Be5 Kd7 20. Raf1 Rf8
21. Qg6 Ne4 22. Rxf8 Bxf8 23. Rf7+ Kc8 24. Bxc7 Qe8 25. Qg8 Nxc3 26. Rxf8 Kxc7 27. Rxe8 Rxe8 28. Qxe8 Nxe2+ 29. Kh2 Nxd4 30. Qe7+ Kc8
31. Qf8+ Kc7 32. Qg7+
1-0

[Event "Open CapaBlanca"]
[Site "SchemingMind.com"]
[Date "2011.06.09"]
[Round "-"]
[White "concave"]
[Black "rao"]
[Result "1-0"]
[WhiteCountry "GER"]
[BlackCountry "INT"]
[WhiteElo "2167"]
[WhiteRD "90"]
[BlackElo "1660"]
[BlackRD "83"]
[GameID "286012"]

1. d4 d5 2. c4 e6 3. Nc3 Nf6 4. Bg5 h6 5. Bh4 Be7 6. Nf3 Nh5 7. Bxe7 Qxe7 8. cxd5 exd5 9. Nxd5 Qd6 10. e4 c6
11. Nc3 Qb4 12. Qd2 Bg4 13. Ne5 Nf6 14. Nxg4 Nxg4 15. Be2 Nf6 16. O-O O-O 17. f4 Rd8 18. Rad1 Nbd7 19. e5 Nd5 20. f5 Nxc3
21. bxc3 Qf8 22. Qf4 c5 23. Bc4 cxd4 24. cxd4 a6 25. f6 g6 26. e6 fxe6 27. Bxe6+ Kh7 28. Rc1 Nxf6 29. Rc7+ Kh8 30. Qxf6+ Qxf6
31. Rxf6 Rf8 32. Rxg6 Rae8 33. Rxh6#
1-0

[Event "Open CapaBlanca"]
[Site "SchemingMind.com"]
[Date "2011.06.07"]
[Round "-"]
[White "kenneth m day"]
[Black "e_castle3"]
[Result "1-0"]
[WhiteCountry "USA"]
[BlackCountry "PHI"]
[WhiteElo "1904"]
[WhiteRD "73"]
[BlackElo "1766"]
[BlackRD "58"]
[GameID "286041"]

1. d4 d5 2. Bf4 Nf6 3. Nf3 e6 4. h3 Bd6 5. e3 Bxf4 6. exf4 O-O 7. Bd3 Qd6 8. Qc1 c5 9. dxc5 Qxc5 10. O-O Nc6
11. Nc3 a6 12. a3 b5 13. Qe3 Qd6 14. Ne5 Bb7 15. Rfe1 Rfd8 16. Qg3 Ne7 17. Ne2 Nh5 18. Qh4 g6 19. Nd4 Rf8 20. Re3 f6
21. Ng4 Bc8 22. Rae1 Nxf4 23. Nxf6+ Rxf6 24. Qxf6 Bd7 25. Nxe6 Nxe6 26. Rxe6
1-0

[Event "Open CapaBlanca"]
[Site "SchemingMind.com"]
[Date "2011.06.07"]
[Round "-"]
[White "kenneth m day"]
[Black "keen"]
[Result "0-1"]
[WhiteCountry "USA"]
[BlackCountry "SCO"]
[WhiteElo "1946"]
[WhiteRD "66"]
[BlackElo "1698"]
[BlackRD "61"]
[GameID "286042"]

1. d4 Nf6 2. Nf3 g6 3. Bf4 Bg7 4. e3 O-O 5. h3 d6 6. Bc4 c6 7. Nc3 Nbd7 8. Qd2 d5 9. Bd3 Re8 10. O-O-O Nf8
11. g4 Ne6 12. Be5 Nd7 13. Bxg7 Nxg7 14. Rdg1 e5 15. dxe5 Nxe5 16. Nxe5 Rxe5 17. f4 Re8 18. h4 Qe7 19. Rh3 h5 20. f5 hxg4
21. Rhg3 Bxf5 22. Be2 Qxh4 23. Nd1 Nh5 24. R3g2 Nf6 25. Nf2 Ne4 26. Nxe4 Rxe4 27. Bd3 Re5 28. Rh2 Qf6 29. Be2 Rae8 30. Bxg4 Bxg4
31. Rxg4 Rxe3 32. Rg1 Qe5 33. Rhg2 Re1+ 34. Rxe1 Qxe1+ 35. Qxe1 Rxe1+ 36. Kd2 Re4 37. Kd3 Kg7
0-1

[Event "Open CapaBlanca"]
[Site "SchemingMind.com"]
[Date "2011.06.07"]
[Round "-"]
[White "kenneth m day"]
[Black "rao"]
[Result "1-0"]
[WhiteCountry "USA"]
[BlackCountry "INT"]
[WhiteElo "1943"]
[WhiteRD "55"]
[BlackElo "1633"]
[BlackRD "84"]
[GameID "286043"]

1. d4 d5 2. Bf4 Nc6 3. Nf3 e6 4. e3 Nf6 5. h3 h6 6. c3 Bd6 7. Ne5 Ne4 8. Qg4 Qf6 9. Nd2 Nxd2 10. Kxd2 g5
11. Bg3 Bxe5 12. dxe5 Qe7 13. Bd3 h5 14. Qd1 Qc5 15. Rc1 Bd7 16. Rc2 Qb6 17. Qf3 Na5 18. Qf6 Rg8 19. Rb1 Nc4+ 20. Kc1 c6
21. Qf3 Qc7 22. Bxc4 dxc4 23. Qxh5 O-O-O 24. Qxf7 Rdf8 25. Qh5 Be8 26. Qe2 Bg6 27. e4 Qh7 28. f3 b5 29. b3 cxb3 30. Rxb3 Qb7
31. Qe3 Bh5 32. Bf2 Rf7 33. Qc5 Rc7 34. Qb4 a6 35. Bc5 Rd8 36. Qa5 Rd3 37. Rd2 Rcd7 38. Bd6 Rxd2 39. Kxd2 Qa7 40. Ke2 Bg6
41. Ra3 Kb7 42. c4 Qb6 43. Qxb6+ Kxb6 44. cxb5 cxb5 45. Rc3 Ka5 46. Kf2 b4 47. Rb3 Rb7 48. Kg3 Ka4 49. Kg4 Rg7 50. Rxb4+ Ka5
51. a3 Be8 52. g3 Bb5 53. Kh5 g4 54. fxg4 Be8+ 55. Kh6 Rf7 56. g5 Bb5 57. g6 Rf3 58. Bc7#
1-0

[Event "Open CapaBlanca"]
[Site "SchemingMind.com"]
[Date "2011.06.07"]
[Round "-"]
[White "kenneth m day"]
[Black "Archon"]
[Result "1-0"]
[WhiteCountry "USA"]
[BlackCountry "CAN"]
[WhiteElo "1946"]
[WhiteRD "66"]
[BlackElo "1769"]
[BlackRD "54"]
[GameID "286044"]

1. d4 d6 2. e4 Nf6 3. Nc3 g6 4. Nf3 Bg7 5. Be3 O-O 6. Qd2 e5 7. O-O-O Qe7 8. Be2 exd4 9. Nxd4 Bd7 10. h3 a6
11. Bf3 Nc6 12. g4 Ne5 13. Be2 b5 14. f4 Nc4 15. Bxc4 bxc4 16. e5 dxe5 17. fxe5 Ne8 18. Nf3 Bc6 19. Rhf1 Bxf3 20. Rxf3 Qxe5
21. Bf4 Qc5 22. Be3 Qe5 23. Bd4 Qa5 24. Kb1 Nd6 25. Bxg7 Kxg7 26. Qd4+ Kg8 27. Nd5 f5 28. Qe5 Qb5 29. Qe6+ Nf7 30. Nxc7 Qb4
31. Nxa8 Rxa8 32. gxf5 Rb8 33. Qf6 c3 34. Qxc3 Qxc3 35. Rxc3 gxf5 36. Rf1 Rb5 37. Rc6 a5 38. Rf6 Re5 39. R6xf5 Re3 40. Rxf7
1-0

[Event "Open CapaBlanca"]
[Site "SchemingMind.com"]
[Date "2011.06.11"]
[Round "-"]
[White "kenneth m day"]
[Black "emvarela"]
[Result "1-0"]
[WhiteCountry "USA"]
[BlackCountry "ARG"]
[WhiteElo "1946"]
[WhiteRD "66"]
[BlackElo "1750"]
[BlackRD "48"]
[GameID "286045"]

1. d4 Nf6 2. Nf3 e6 3. Bf4 c5 4. c3 d5 5. e3 Nc6 6. Bd3 Qb6 7. Qc2 c4 8. Be2 Be7 9. Nbd2 O-O 10. Ne5 Nxe5
11. Bxe5 Nd7 12. Nf3 f6 13. Bf4 Bd6 14. Bg3 Bxg3 15. hxg3 g6 16. O-O-O a5 17. Nh4 Kg7 18. Rh2 f5 19. Rdh1 Nf6 20. g4
1-0

[Event "Open CapaBlanca"]
[Site "SchemingMind.com"]
[Date "2011.06.07"]
[Round "-"]
[White "kenneth m day"]
[Black "Ayçaguer"]
[Result "1-0"]
[WhiteCountry "USA"]
[BlackCountry "ARG"]
[WhiteElo "1904"]
[WhiteRD "73"]
[BlackElo "1427"]
[BlackRD "88"]
[GameID "286046"]

1. d4 d5 2. Bf4 Nf6 3. Nf3 g6 4. h3 Bg7 5. e3 O-O 6. Bd3 c6 7. Nbd2 a5 8. g4 Na6 9. c3 Nd7 10. Qe2 b5
11. h4 Qe8 12. h5 e5 13. dxe5 Nxe5 14. Nxe5 Bxe5 15. Bh6 Bg7 16. hxg6 hxg6 17. g5 Nc5 18. Bc2 Bf5 19. Bxf5 gxf5 20. O-O-O Qe6
21. Bxg7 Kxg7 22. Rh6 f6 23. Qh5 Nd7 24. Qg6#
1-0

[Event "Open CapaBlanca"]
[Site "SchemingMind.com"]
[Date "2011.06.07"]
[Round "-"]
[White "kenneth m day"]
[Black "SittingBull"]
[Result "0-1"]
[WhiteCountry "USA"]
[BlackCountry "CAN"]
[WhiteElo "1943"]
[WhiteRD "55"]
[BlackElo "1836"]
[BlackRD "64"]
[GameID "286047"]

1. d4 Nf6 2. Nf3 g6 3. Bf4 Bg7 4. h3 O-O 5. e3 c5 6. c3 cxd4 7. exd4 d6 8. Bd3 Nc6 9. Nbd2 Bd7 10. O-O Re8
11. Re1 Qa5 12. Nc4 Qc7 13. Qd2 b5 14. Ne3 b4 15. Nc4 bxc3 16. bxc3 Nd5 17. Bh6 Na5 18. Nxa5 Qxa5 19. Bxg7 Kxg7 20. c4 Qxd2
21. Nxd2 Nb4 22. Be4 Rab8 23. a3 Nc6 24. Nf3 Rb2 25. Rab1 Reb8 26. Rxb2 Rxb2 27. Rb1 Rxb1+ 28. Bxb1 Kf6 29. Kf1= e5 30. dxe5+ Nxe5
31. Nxe5= Kxe5 32. Ke2 Kd4 33. Bd3 Be6 34. g4 Bxc4 35. Bxc4 Kxc4 36. Ke3 d5 37. Kd2 d4 38. f3 a5 39. Kc2 d3+ 40. Kd2 a4
41. f4 f5 42. gxf5 gxf5 43. h4 h5 44. Kd1 Kb3 45. Kd2 Kxa3
0-1

[Event "Open CapaBlanca"]
[Site "SchemingMind.com"]
[Date "2011.06.07"]
[Round "-"]
[White "kenneth m day"]
[Black "otsenrechess"]
[Result "0-1"]
[WhiteCountry "USA"]
[BlackCountry "HUN"]
[WhiteElo "1943"]
[WhiteRD "55"]
[BlackElo "2315"]
[BlackRD "53"]
[GameID "286048"]

1. d4 Nf6 2. Nf3 d5 3. Bf4 c5 4. e3 Nc6 5. c3 e6 6. Nbd2 Bd6 7. Bg3 O-O 8. Bd3 b6 9. O-O Bxg3 10. fxg3 Qd6
11. Qe2 e5 12. e4 cxd4 13. cxd4 Nxd4 14. Nxd4 dxe4 15. Nxe4 Qxd4+ 16. Kh1 Nxe4 17. Bxe4 Ba6 18. Qf3 Bxf1 19. Bxa8 Bc4 20. Rd1 Qxb2
21. Be4 Bxa2 22. Qh5 g6 23. Qh6 Bb3 24. Rf1 Qe2
0-1

[Event "Open CapaBlanca"]
[Site "SchemingMind.com"]
[Date "2011.06.08"]
[Round "-"]
[White "kenneth m day"]
[Black "concave"]
[Result "0-1"]
[WhiteCountry "USA"]
[BlackCountry "GER"]
[WhiteElo "1943"]
[WhiteRD "55"]
[BlackElo "2200"]
[BlackRD "89"]
[GameID "286049"]

1. d4 Nf6 2. Nf3 g6 3. Bf4 Bg7 4. h3 d5 5. e3 O-O 6. Bd3 c5 7. c3 Nc6 8. Nbd2 Re8 9. O-O c4 10. Bc2 b5
11. Ne5 Nxe5 12. Bxe5 a5 13. Qf3 Bb7 14. Qf4 Nh5 15. Qh2 Bxe5 16. Qxe5 Qd6 17. Qxd6 exd6 18. Nf3 b4 19. cxb4 axb4 20. b3 Ra7
21. bxc4 dxc4 22. Rfc1 f5 23. Bd1 Bd5 24. Rcb1 Rb8 25. Be2 c3 26. Ne1 Rxa2 27. Rxa2 Bxa2 28. Ra1 b3 29. Bd3 Nf6 30. f3 Nd5
31. Kf2 Nb4 32. Bc4+ d5
0-1

[Event "Open CapaBlanca"]
[Site "SchemingMind.com"]
[Date "2011.06.08"]
[Round "-"]
[White "e_castle3"]
[Black "kenneth m day"]
[Result "1/2-1/2"]
[WhiteCountry "PHI"]
[BlackCountry "USA"]
[WhiteElo "1788"]
[WhiteRD "54"]
[BlackElo "1946"]
[BlackRD "66"]
[GameID "286050"]

1. Nc3 e5 2. d4 exd4 3. Qxd4 Nc6 4. Qd1 Nf6 5. Nf3 d5 6. Bg5 d4 7. Ne4 Be7 8. Nxf6+ Bxf6 9. Bxf6 Qxf6 10. g3 O-O
11. Bg2 Bg4 12. O-O Rad8 13. a3 Rfe8 14. h3 Bh5 15. g4 Bg6 16. b4 a6 17. Re1 Qf4 18. Qc1 Qxc1 19. Raxc1 f6 20. Nh4 Be4
21. f3 Bd5 22. Kf2 Ne5 23. Nf5 Bc6 24. Bf1 Nc4 25. Rcd1 Nxa3 26. Nxd4 Rxd4 27. Rxd4 Nxc2 28. Red1 Nxd4 29. Rxd4 Re7 30. e4 Rd7
31. Bc4+ Kf8 32. Bd5 Bxd5 33. exd5 c6 34. d6 Kf7 35. f4 Ke6 36. f5+ Ke5 37. Ke3 b6 38. h4 c5 39. bxc5 bxc5 40. Ra4 Ra7
41. d7 Rxd7 42. Rxa6 Rc7 43. Ra5 g6 44. fxg6 hxg6 45. h5 f5 46. hxg6 fxg4 47. g7 Rxg7 48. Rxc5+ Kf6 49. Rc6+ Kg5 50. Kf2 Kf4
51. Rc4+ Kg5 52. Kg3 Kf5 53. Rc5+ Ke4 54. Rc4+ Kf5=
1/2-1/2

[Event "Open CapaBlanca"]
[Site "SchemingMind.com"]
[Date "2011.06.08"]
[Round "-"]
[White "keen"]
[Black "kenneth m day"]
[Result "0-1"]
[WhiteCountry "SCO"]
[BlackCountry "USA"]
[WhiteElo "1674"]
[WhiteRD "61"]
[BlackElo "1904"]
[BlackRD "73"]
[GameID "286051"]

1. e4 e6 2. d4 d5 3. Nc3 Nf6 4. Bg5 Be7 5. e5 Nfd7 6. h4 a6 7. Nf3 c5 8. Qd2 Nc6 9. O-O-O b5 10. Kb1 O-O
11. Qf4 cxd4 12. Nxd4 Ncxe5 13. Qg3 Bb7 14. Bd3 Nxd3 15. Rxd3 Nf6 16. h5 Ne4 17. Nxe4 dxe4 18. Bxe7 Qxe7 19. Rdd1 h6 20. Rh4 Bd5
21. Rg4 Qf6 22. Ne2 Rfd8 23. Nc3 Bc6 24. Re1 Rd2 25. Ne2 Rad8 26. Nc3 Rxf2 27. Qc7 Bd5 28. a3 Kh7 29. Rgxe4 Rf1 30. Nxd5 Rxd5
31. Qa5 e5 32. Qc3 Rd1+ 33. Ka2 Rfxe1 34. Rxe1 Rxe1 35. Qxe1 Qe6+ 36. Kb1 f5 37. Qe3 e4 38. g3 Qd6 39. Kc1 Qf6 40. Qf4 Qg5
0-1

[Event "Open CapaBlanca"]
[Site "SchemingMind.com"]
[Date "2011.06.08"]
[Round "-"]
[White "rao"]
[Black "kenneth m day"]
[Result "0-1"]
[WhiteCountry "INT"]
[BlackCountry "USA"]
[WhiteElo "1633"]
[WhiteRD "84"]
[BlackElo "1943"]
[BlackRD "55"]
[GameID "286052"]

1. e4 e6 2. d4 d5 3. e5 c5 4. Nf3 Nc6 5. Bb5 Bd7 6. Bxc6 Bxc6 7. Nc3 Qb6 8. O-O Ne7 9. b3 Ng6 10. Be3 Be7
11. a4 cxd4 12. Bxd4 Qa5 13. Ne2 O-O 14. c3 f6 15. b4 Qd8 16. Ng3 fxe5 17. Nxe5 Nxe5 18. Bxe5 Bf6 19. Bxf6 Qxf6 20. b5 Bd7
21. c4 Be8 22. cxd5 Rd8 23. d6 Rd7 24. Ra2 Bf7 25. Rd2 Rfd8 26. Ne4 Qf5 27. f3 Bg6 28. Rff2 Qe5 29. Rfe2 Qf4 30. a5 Qe5
31. Nf2 Qxb5 32. Rxe6 Qxa5 33. Re7 Qb6 34. Rxd7 Rxd7 35. Kh1 Qc6 36. Ne4 a5 37. Ng5 h6 38. Ne6 b5 39. Nc7 Bf7 40. h4 a4
41. Rc2 Rxd6 42. Rxc6 Rxd1+ 43. Kh2 Bc4 44. Rb6 Rb1 45. Rb8+ Kf7 46. Rb7 Kf6 47. Ne8+ Ke5 48. Nxg7 a3 49. Ra7 a2 50. g3 a1=Q
51. Rxa1 Rxa1 52. Ne8 b4 53. f4+ Kd4 54. f5 b3 55. f6 b2 56. Nd6 Be6 57. Nf5+ Bxf5 58. f7 Ra8 59. Kg2 b1=Q 60. f8=Q Ra2+
61. Kf3 Qe4#
0-1

[Event "Open CapaBlanca"]
[Site "SchemingMind.com"]
[Date "2011.06.08"]
[Round "-"]
[White "Archon"]
[Black "kenneth m day"]
[Result "0-1"]
[WhiteCountry "CAN"]
[BlackCountry "USA"]
[WhiteElo "1769"]
[WhiteRD "54"]
[BlackElo "1946"]
[BlackRD "66"]
[GameID "286053"]

1. Nf3 d5 2. c4 d4 3. g3 c5 4. b4 cxb4 5. a3 Nc6 6. axb4 Bd7 7. d3 e5 8. b5 Nb4 9. Bg2 Qc7 10. O-O Nf6
11. Bg5 Be7 12. Nbd2 Bg4 13. Bxf6 Bxf6 14. Rb1 Na2 15. Qb3 Nc3 16. Rbe1 O-O 17. b6 axb6 18. Nb1 Na4 19. Nfd2 Nc5 20. Qc2 Ra7
21. Ne4 Nxe4 22. Bxe4 Bh3 23. Bg2 Bxg2 24. Kxg2 Rfa8 25. Nd2 Ra2 26. Qc1 Bg5 27. Rd1 Qc5 28. Ne4 Bxc1 29. Nxc5 bxc5 30. Rxc1 Rxe2
31. Rb1 Rb8 32. Rb6 Rd2 33. Rfb1 Rxd3 34. Rxb7 Rxb7 35. Rxb7 g6 36. Rc7 Rc3 37. Rxc5 f6 38. Rc7 d3 39. c5 e4 40. c6 Kf8
41. h4 Ke8 42. Rc8+ Ke7 43. c7 Kd7 44. Rd8+ Kxc7 45. Rd4 f5 46. Kf1 Rc6 47. Ke1 Rd6
0-1

[Event "Open CapaBlanca"]
[Site "SchemingMind.com"]
[Date "2011.06.11"]
[Round "-"]
[White "emvarela"]
[Black "kenneth m day"]
[Result "0-1"]
[WhiteCountry "ARG"]
[BlackCountry "USA"]
[WhiteElo "1728"]
[WhiteRD "46"]
[BlackElo "1943"]
[BlackRD "55"]
[GameID "286054"]

1. e4 e6 2. d4 d5 3. Nc3 Nf6 4. e5 Nfd7 5. f4 c5 6. Nf3 a6 7. Be3 Nc6 8. Qd2 b5 9. dxc5 Nxc5 10. Bxc5 Bxc5
11. O-O-O Qb6 12. Kb1 Be3 13. Qe1 Bxf4 14. g3 Bh6 15. a3 Bb7 16. Ne2 O-O 17. Ned4 Rac8 18. Nxc6 Rxc6 19. Nd4 Rc7 20. Bd3 g6
21. c3 Rfc8 22. g4 Bg7 23. h4 Rc5 24. Nb3 R5c7 25. h5 d4 26. cxd4 Bxh1 27. Qxh1 b4 28. hxg6 fxg6 29. axb4 Qxb4 30. Nc5 Rb8
31. Qh2 Rb6 32. Nxa6 Qa4 33. Qe2 Ra7 34. Rc1 Raxa6 35. Rc8+ Bf8 36. Bxa6 Qxa6 37. Qc2 Qf1+ 38. Qc1 Qd3+ 39. Qc2 Qxd4
0-1

[Event "Open CapaBlanca"]
[Site "SchemingMind.com"]
[Date "2011.06.07"]
[Round "-"]
[White "Ayçaguer"]
[Black "kenneth m day"]
[Result "0-1"]
[WhiteCountry "ARG"]
[BlackCountry "USA"]
[WhiteElo "1325"]
[WhiteRD "81"]
[BlackElo "1946"]
[BlackRD "66"]
[GameID "286055"]

1. d4 f5 2. c4 e6 3. Nf3 Nf6 4. Nc3 b6 5. g3 Bb7 6. Bg2 c6 7. O-O d5 8. b3 Be7 9. Bf4 O-O 10. e3 Nbd7
11. Rc1 Qe8 12. Qe2 Ne4 13. Nxe4 fxe4 14. Ne5 Nxe5 15. Bxe5 Rf5 16. Bh3 Rg5 17. Bxe6+ Kh8 18. cxd5 cxd5 19. Bf4 Rg6 20. Bf5 Rf6
21. Bh3 h6 22. Rc7 Bc6 23. Rc1 Bd8 24. R7xc6 Rxc6 25. Rxc6 Qxc6 26. Kg2 Be7 27. Qb2 Bb4 28. a3 Be7
0-1

[Event "Open CapaBlanca"]
[Site "SchemingMind.com"]
[Date "2011.06.07"]
[Round "-"]
[White "SittingBull"]
[Black "kenneth m day"]
[Result "1-0"]
[WhiteCountry "CAN"]
[BlackCountry "USA"]
[WhiteElo "1855"]
[WhiteRD "66"]
[BlackElo "1946"]
[BlackRD "66"]
[GameID "286056"]

1. e4 d5 2. exd5 Qxd5 3. Nc3 Qd6 4. d4 Nf6 5. Bc4 a6 6. Nf3 Bg4 7. h3 Bh5 8. g4 Bg6 9. Be3 e6 10. Qe2 Be7
11. O-O-O O-O 12. g5 Nd5 13. Nxd5 exd5 14. Bd3 Nc6 15. h4 Bh5 16. Rh3 Nb4 17. Kb1 Nxd3 18. Qxd3 Qe6 19. Rdh1 Bg4 20. Rg3 Bh5
21. Ne5 c5 22. f4 c4 23. Qf1 b5 24. f5 Qd6 25. f6 Bd8 26. Bf4 Qe6 27. Qh3 Qxh3 28. Rhxh3 g6 29. Re3 Bc7 30. Nxg6 Bxf4
31. Nxf4 Bg4 32. Rhg3 Bf5 33. Nxd5 Be6 34. Nc7 Ra7 35. Nxe6 fxe6 36. Rxe6 Rd7 37. c3
1-0

[Event "Open CapaBlanca"]
[Site "SchemingMind.com"]
[Date "2011.06.07"]
[Round "-"]
[White "otsenrechess"]
[Black "kenneth m day"]
[Result "1-0"]
[WhiteCountry "HUN"]
[BlackCountry "USA"]
[WhiteElo "2315"]
[WhiteRD "53"]
[BlackElo "1943"]
[BlackRD "55"]
[GameID "286057"]

1. Nf3 Nf6 2. c4 c5 3. Nc3 Nc6 4. g3 g6 5. Bg2 Bg7 6. O-O O-O 7. d4 d6 8. dxc5 dxc5 9. Bf4 e6 10. Bd6 Re8
11. Bxc5 Bd7 12. Bd6 Ng4 13. h3 Nh6 14. e4 f6 15. Qd2 Nf7 16. c5 Nxd6 17. cxd6 Qb6 18. Rac1 Rad8 19. Rfd1 Nb4 20. a3 Na6
21. b4 Nb8 22. Bf1 Bc6 23. b5 Bd7 24. Na4
1-0

[Event "Open CapaBlanca"]
[Site "SchemingMind.com"]
[Date "2011.06.08"]
[Round "-"]
[White "concave"]
[Black "kenneth m day"]
[Result "1-0"]
[WhiteCountry "GER"]
[BlackCountry "USA"]
[WhiteElo "2200"]
[WhiteRD "89"]
[BlackElo "1943"]
[BlackRD "55"]
[GameID "286058"]

1. c4 g6 2. Nc3 Bg7 3. Nf3 c5 4. g3 Nc6 5. Bg2 d6 6. O-O e6 7. Rb1 Nge7 8. a3 O-O 9. b4 Qc7 10. Bb2 b6
11. Nb5 Qd7 12. Bxg7 Kxg7 13. d4 a6 14. Nc3 Bb7 15. dxc5 bxc5 16. bxc5 Rab8 17. cxd6 Nf5 18. e4 Nh6 19. c5 Ng4 20. Nd4 Nge5
21. f4 Nc4 22. Nxc6 Bxc6 23. Qd4+ Kg8 24. Qxc4 Rfc8 25. Rxb8 Rxb8 26. Rb1 Rb7 27. Rxb7 Qxb7 28. Qb4
1-0